L'état de Californie (Record no. 52977)

MARC details
000 -LEADER
campo de control de longitud fija 00665nam a22001695i 4500
001 - NÚMERO DE CONTROL
campo de control 52977
003 - IDENTIFICADOR DE NÚMERO DE CONTROL
campo de control ES-MaACL
005 - FECHA Y HORA DE LA ÚLTIMA TRANSACCIÓN
campo de control 20230906162659.0
007 - CAMPO FIJO DE DESCRIPCIÓN FÍSICA--INFORMACIÓN GENERAL
campo de control de longitud fija t|
008 - DATOS DE LONGITUD FIJA--INFORMACIÓN GENERAL
campo de control de longitud fija 950906s1878 fr ||||1| fre d
040 ## - FUENTE DE CATALOGACIÓN
Centro catalogador/agencia de origen CAM
Lengua de catalogación spa
Centro/agencia transcriptor CAM
100 1# - ENTRADA PRINCIPAL--NOMBRE DE PERSONA
Nombre de persona Donnat, Léon.
9 (RLIN) 45322
245 12 - MENCIÓN DEL TÍTULO
Título L'état de Californie
Resto del título : recueil de faits observés en 1877-1878.
Número de parte o sección de la obra , . Première partie,
Nombre de parte o sección de la obra L'éducation publique, la presse, le mouvement intellectuel, suivie de renseignements sur l'état de l'instruction primaire aux Etats-Unis et en Europe /
Mención de responsabilidad, etc. par Léon Donnat.
260 ## - PUBLICACIÓN, DISTRIBUCIÓN, ETC.
Lugar de publicación, distribución, etc. Paris :
Nombre del editor, distribuidor, etc. Ch. Delagrave,
Fecha de publicación, distribución, etc. 1878.
300 ## - DESCRIPCIÓN FÍSICA
Extensión XIII, 325 p. ;
Dimensiones 18 cm.
852 ## - LOCALIZACIÓN
Ubicación ES-MaACL
Número de control de estantería G-8230
Holdings
Estatus retirado Estado de pérdida Estado de daño No para préstamo Colección Biblioteca de origen Biblioteca actual Ubicación en estantería Fecha de adquisición Fuente de adquisición Total de préstamos Signatura topográfica completa Código de barras Visto por última vez Precio de reemplazo Tipo de ítem Koha
        Libros del s. XIX Biblioteca del Ateneo de Madrid Biblioteca del Ateneo de Madrid Sala Pecera Planta 3 17/01/2008     G-8230 1055671 23/02/2023 23/02/2023 Libro impreso antiguo